Tiny Almost Useless Trivia VII Quiz Stats

Quiz Updated Nov 12, 2015

Challenge
Share
Tweet
Embed
Score 0/15 Timer 02:00
5 Plays Today
Question Answer % Correct
What Olympic sport, where 6-person teams are separated by a net, features spiking and setting?volleyball
90.9%
What is the capital city of Austria?Vienna
82.7%
In books, what are Edward Cullen, Vladmir Tod, Lestat de Lioncourt, and Lissa Dragomir?vampires
78.5%
In what Palace was the treaty that ended the war between Germany and the Allied Powers in World War I signed?Versailles
77.6%
What name is shared by a tennis-playing Williams, a fly trap, and a planet?Venus
77.6%
What part of speech is always found in the predicate of a sentence?verb
75.2%
Which of Santa's 8 reindeer comes in last alphabetically?Vixen
67%
In physics, what is the unit of electrical potential?volt
64.4%
Question Answer % Correct
What word meaning brave is an anagram of 'Latvian'?valiant
61.6%
What Marvel supervillain and foil to Spider-Man is a symbiote that takes over hosts and is synonymous with poison?Venom
61.6%
What National Lampoon classic comedy was rebooted with Ed Helms playing now patriarch Rusty Griswold?Vacation
59.4%
What political comedy on HBO has won Julia Louis-Dreyfus 6 consecutive Emmy awards as Selina Meyer?Veep
57.6%
What band had both Sammy Hagar and David Lee Roth as lead singers?Van Halen
51.5%
In the game of Risk, what territory is south of Central America?Venezuela
33.6%
What is the Roman equivalent of Hephaestus, the god of the forge?Vulcan
30.6%

You're not logged in!

Compare scores with friends on all Sporcle quizzes.
Join for Free
OR
Log In

You Might Also Like...

Show Comments

Extras

Top Quizzes Today


Score Distribution

Your Account Isn't Verified!

In order to create a playlist on Sporcle, you need to verify the email address you used during registration. Go to your Sporcle Settings to finish the process.

Report this User

Report this user for behavior that violates our Community Guidelines.

Details: